|
|
|
|
| LEADER |
00000ny a22000003n 4500 |
| 005 |
20110530134357.0 |
| 008 |
030519s2001 sp s 001 0 spa c |
| 017 |
|
|
|a D.L. SE3660-2001
|
| 020 |
|
|
|a 8481558656
|
| 035 |
|
|
|a 142
|
| 040 |
|
|
|a UMA.DER
|d vLex
|
| 040 |
|
|
|a UMA.RE
|d vLex
|
| 080 |
|
|
|a 347.447.95(460)
|
| 090 |
|
|
|c 359
|d 359
|
| 100 |
1 |
|
|a Lp̤ez Richart, Juliǹ
|
| 245 |
1 |
4 |
|a Los contratos a favor de tercero
|h [Recurso electrn̤ico]
|c Juliǹ Lp̤ez Richart ; [prl̤ogo Juan Antonio Moreno Martn̕ez]
|
| 256 |
|
|
|a Servicio en ln̕ea
|
| 260 |
|
|
|a Madrid :
|b Dykinson,
|c 2001
|
| 300 |
|
|
|a 443 p. ;
|c 21 cm
|
| 504 |
|
|
|a Bibliogr.: p.403-443
|
| 506 |
1 |
|
|a Contenido solo disponible en los productos indicados
|d vLex Global
|d vLex Global (Academic Edition, excluding Law Schools)
|d vLex Global (U.S. Academic Edition, Law Schools)
|d vLex Global (U.S. Academic Edition, excluding Law Schools)
|d vLex Global (Academic Edition, Law Schools)
|
| 650 |
0 |
7 |
|a Contratos
|2 Tesauro vLex
|
| 650 |
0 |
7 |
|a Civil
|2 Tesauro vLex
|
| 650 |
0 |
7 |
|a Contrato a favor de tercero
|2 Tesauro vLex
|
| 700 |
1 |
|
|a Moreno Martn̕ez, Juan Antonio,
|e pr
|
| 740 |
0 |
|
|a vLex Libros (Servicios en ln̕ea)
|
| 856 |
4 |
0 |
|u http://vlex.com/source/142
|z Acceso restringido
|
| 942 |
|
|
|c BOOK
|
| 999 |
0 |
|
|a Contracts
|b Madrid
|